| 000 | 00566nam a2200205Ia 4500 | ||
|---|---|---|---|
| 003 | OSt | ||
| 005 | 20220609144024.0 | ||
| 008 | 210423s2011 xx 000 0 und d | ||
| 020 | _a9788173816512 | ||
| 040 | _cAL | ||
| 041 | _aeng | ||
| 082 | _a547.028 DAST | ||
| 100 |
_aDAS (Tanya);BANERJEE (Amalendu). _941514 |
||
| 245 | _aPractical organic chemistry: for the beginners. | ||
| 260 |
_aLondon _bNew Central Book Agency _c2011 |
||
| 300 |
_axix,222 _bPB |
||
| 365 |
_b235 _cINR |
||
| 906 | _abeginners. ; chemistry: ; organic ; Practical | ||
| 942 |
_2ddc _cBK |
||
| 999 |
_c154576 _d154576 |
||